Southville International School and Colleges
Your cart is empty.
  • Cart
  • Lists
    Public lists Eva Luna New books Lux_list list_1
    Your lists Log in to create your own lists
  • Log in to your account
  • Your cookies
  • Search history
Southville International School and Colleges
  • Advanced search
  • Recent comments
  • Most popular
  • Libraries

Log in to your account

Log in with GOOGLE


If you do not have an external account, but do have a local account, you can still log in:

  1. Home
  2. MARC view: The Waiter & waitress and waitstaff training handbook :
Normal view MARC view ISBD view

The Waiter & waitress and waitstaff training handbook : (Record no. 357813)

[ view plain ]
MARC details
000 -LEADER
fixed length control field 00672nam a2200229Ia 4500
008 - FIXED-LENGTH DATA ELEMENTS--GENERAL INFORMATION
fixed length control field 180523s9999 xx 000 0 und d
020 ## - INTERNATIONAL STANDARD BOOK NUMBER
International Standard Book Number 0-910627-47-9
050 ## - LIBRARY OF CONGRESS CALL NUMBER
Classification number MAIN TX 925
050 ## - LIBRARY OF CONGRESS CALL NUMBER
Item number .A73 2005
100 ## - MAIN ENTRY--PERSONAL NAME
Personal name Arduser, Lora.
245 #4 - TITLE STATEMENT
Title The Waiter & waitress and waitstaff training handbook :
245 #2 - TITLE STATEMENT
Remainder of title a complete guide to the proper steps in service for food & beverage employees /
245 #0 - TITLE STATEMENT
Statement of responsibility, etc Lora Arduser & Douglas R. Brown.
260 ## - PUBLICATION, DISTRIBUTION, ETC. (IMPRINT)
Place of publication, distribution, etc USA :
260 ## - PUBLICATION, DISTRIBUTION, ETC. (IMPRINT)
Name of publisher, distributor, etc Atlantic Pub. Group Inc.,
260 ## - PUBLICATION, DISTRIBUTION, ETC. (IMPRINT)
Date of publication, distribution, etc 2005
300 ## - PHYSICAL DESCRIPTION
Extent 284 pages :
300 ## - PHYSICAL DESCRIPTION
Other physical details illustrations ;
300 ## - PHYSICAL DESCRIPTION
Dimensions 23 cm.
500 ## - GENERAL NOTE
General note Includes index.
650 ## - SUBJECT ADDED ENTRY--TOPICAL TERM
Topical term or geographic name as entry element Table service
Holdings
Withdrawn status Lost status Damaged status Home library Current library Shelving location Date acquired Cost, normal purchase price Total Checkouts Full call number Barcode Date last seen Price effective from Koha item type
      South Mansfield College South Mansfield College   01/10/2008 2.00   MAIN TX 925 .A73 2005 SMC04013 05/23/2018 05/23/2018  

The Waiter & waitress and waitstaff training handbook :

APA

Arduser L., .The Waiter & waitress and waitstaff training handbook. USA: .

Chicago

Arduser Lora, .The Waiter & waitress and waitstaff training handbook. USA: .

Harvard

Arduser L., .The Waiter & waitress and waitstaff training handbook. USA: .

MLA

Arduser Lora, .USA: . .

  • Place hold
  • Print
  • Cite
  • Add to your cart (remove)
  • Save record
    BIBTEX Dublin Core MARCXML MARC (non-Unicode/MARC-8) MARC (Unicode/UTF-8) MARC (Unicode/UTF-8, Standard) MODS (XML) RIS
  • More searches
    Search for this title in:
    Other Libraries (WorldCat) Other Databases (Google Scholar) Online Stores (Bookfinder.com) Open Library (openlibrary.org)

Exporting to Dublin Core...

SOUTHVILLE LIBRARY

Southville International School and Colleges Library

1281 Tropical Ave. Cor. Luxembourg St., BF Homes International, Las Pinas City

Tel. No. 8256374 / 252358 Loc. 117/146

Powered by Koha